pays d'Europe - Statistiques

Statistiques générales
  • Ce quiz a été pris 575 fois
    535 depuis la dernière actualisation
  • Le résultat moyen est 15 sur 16
Answers on the Grid
Answers color-coded by a green-red scale on the quiz's grid according to % correct below.
Pays-Bas
Maroc
Iran
Norvège
Allemagne
Chine
Belgique
Indonésie
Suisse
Syrie
Biélorussie
Estonie
Finlande
Arménie
Canada
Grèce
Tunisie
Mali
Italie
Roumanie
Arabie Saoudite
Saint-Marin
Algérie
Andorre
Israël
Portugal
Irlande
Yémen
Liban
République tchèque
 
Statistiques - réponses
Réponse % Correct
Belgique
98%
Pays-Bas
98%
Allemagne
96%
Norvège
96%
Suisse
96%
Finlande
95%
Estonie
94%
Biélorussie
90%
Grèce
90%
Italie
89%
Portugal
88%
Irlande
87%
Roumanie
87%
Andorre
86%
République tchèque
85%
Saint-Marin
83%
Aucun quiz correspondant
Distribution des résultats
% des personnes avec chaque résultat
Percentile par nombre de réponses
Votre historique - résultats
Vous n’avez pas pris ce quiz depuis la dernière actualisation